000 00451ntaaa2200181 4500
003 01
005 20251027201634.0
008 0714s1973 ag 01
040 _aAR-BaBN
_bspa
_cAR-BaBN
_eaacr
_dRIC
082 _a232.0000 G19
100 _aGartenhaus, Jacob
_915123
245 _aThe jew and Jesus
250 _a3 ed.
260 _aNashville :
_bSunday School Board of the S.B.C.,
_c1934
300 _a34 P
650 _aJudíos
_910184
942 _cBK
999 _c11094
_d11094